| 000 | 00567nam a2200181Ia 4500 | ||
|---|---|---|---|
| 008 | 151018s9999 xx 000 0 und d | ||
| 082 |
_bRBASDV30179 _a306.8 |
||
| 100 | _aमधुसूदन घाणेकर | ||
| 245 | _aविवाहसौख्य | ||
| 250 | _b1 | ||
| 260 |
_bदिलीपराज _c1996 |
||
| 300 | _a94 | ||
| 600 | _aमधुसूदन घाणेकर | ||
| 630 | _aविवाहसौख्य | ||
| 700 | _aमधुसूदन घाणेकर | ||
| 730 | _aविवाहसौख्य | ||
| 942 | _cBOOK | ||
| 999 |
_c1029715 _d1029712 |
||